Poučila sa EÚ z neúspechu Lisabonskej stratégie?

Príspevok poskytuje chronologickú analýzu vývoja Lisabonskej stratégie EÚ a hlavných výziev jej implementácie, skúma základné otázky spojené s pokračovaním reforiem v rámci nadväzujúcej stratégie Európa 2020.

Gespeichert in:
Bibliographische Detailangaben
1. Verfasser: Silná, Zuzana
Weitere Verfasser: Slováková, Viera
Format: Buchkapitel
Sprache:Slowakisch
Schlagworte:
Tags: Tag hinzufügen
Keine Tags, Fügen Sie das erste Tag hinzu!

MARC

LEADER 00000nla$a2200000$$$4500
001 0130220
005 20240502072506.2
041 0 |a slo 
044 |a SK 
245 1 0 |a Poučila sa EÚ z neúspechu Lisabonskej stratégie?  |c Zuzana Silná, Viera Slováková 
520 |a Príspevok poskytuje chronologickú analýzu vývoja Lisabonskej stratégie EÚ a hlavných výziev jej implementácie, skúma základné otázky spojené s pokračovaním reforiem v rámci nadväzujúcej stratégie Európa 2020. 
610 2 0 |a Európska únia 
610 2 0 |a dokumenty 
610 2 0 |a dokumenty vládne 
100 1 |a Silná, Zuzana 
700 1 |a Slováková, Viera